| 000 | 00440pab a2200145 454500 | ||
|---|---|---|---|
| 008 | 180718b1987 xxu||||| |||| 00| 0 eng d | ||
| 100 | _aSudhir, Chandra | ||
| 245 |
_aConflicted beliefs and men's consciousness about women _bWidow marriage in later nineteenth century Indian literature |
||
| 260 | _c1987 | ||
| 300 | _aWS-55-62 | ||
| 362 | _a31 Oct. | ||
| 650 | _aWomen - India | ||
| 773 | _aEconomic and Political Weekly | ||
| 909 | _a20949 | ||
| 999 |
_c20949 _d20949 |
||